| 000 | 00676nam a2200193Ia 4500 | ||
|---|---|---|---|
| 003 | GCL | ||
| 008 | 140319s9999 xx 000 0 ara d | ||
| 020 | _a4116208977 | ||
| 040 |
_aGCL / _cGCL |
||
| 082 | 0 | 4 |
_aق _b923.9 _bع ص |
| 100 | 1 | _aعبدالحميد صالح حمدان | |
| 245 | 1 | 0 |
_aصاحب شخصية مصر وملامح من عبقرية الزمان جمال حمدان / _cعبدالحميد صالح حمدان |
| 260 |
_aالقاهرة : _bمكتبة مدبولى ، _c1993 |
||
| 300 |
_a146 ص ؛ _c19 سم |
||
| 650 | 0 | 4 | _aالجغرافيون المصريون |
| 650 | 0 | 4 | _aالرجال - تراجم |
| 650 | 0 | 4 | _aجمال حمدان |
| 942 |
_2ddc _cBK |
||
| 999 |
_c9473 _d9473 |
||